Fundamentals of Production Logistics : Theory, Tools and Applications /

Gespeichert in:
Bibliographische Detailangaben
Hauptverfasser: Nyhuis, Peter (Verfasst von), Wiendahl, Hans - Peter (Verfasst von)
Format: Buch
Sprache:Englisch
Veröffentlicht: Berlin Springer 2009
Schlagworte:
Tags: Tag hinzufügen
Keine Tags, Fügen Sie das erste Tag hinzu!

MARC

LEADER 00000nam a22000003a 4500
001 0094330
003 SK-STU
005 20220304084831.2
007 ta
008 220304s ----xo-----e------000-0-----d
020 |a 978-3-642-42412-0 
040 |a STU  |b slo 
041 0 |a eng 
044 |a gw 
100 1 |a Nyhuis, Peter  |4 aut 
245 1 0 |a Fundamentals of Production Logistics :  |b Theory, Tools and Applications /  |c aut. Peter Nyhuis, Hans - Peter Wiendahl 
260 |a Berlin  |b Springer  |c 2009 
300 |a 312 s. 
650 0 7 |a logistika 
700 1 |a Wiendahl, Hans - Peter  |4 aut 
996 |b 284M089016  |c M* 14612-1  |l MMKN  |s A  |a 24  |w 0094330_0001